Memphis International Airport cargo destinations - Statistics

General Stats
  • This quiz has been taken 91 times
  • The average score is 77 of 141
Answer Stats
Answer % Correct
Miami
93%
New York
93%
Orlando
93%
Seattle/Tacoma
93%
London
91%
Atlanta
89%
Dallas
89%
Denver
89%
Houston
89%
Portland (ME)
89%
Portland (OR)
89%
San Francisco
89%
Chicago
86%
Paris
86%
Phoenix
86%
San Diego
86%
Toronto
86%
Boston
84%
Detroit
84%
Los Angeles
84%
Philadelphia
84%
Tampa
84%
Newark
82%
Washington DC
82%
Cleveland
80%
Honolulu
80%
Jacksonville
80%
Minneapolis
80%
Pittsburgh
80%
Salt Lake City
80%
Vancouver
80%
Anchorage
77%
Austin
77%
Columbus
77%
Kansas City
77%
Nashville
77%
Baltimore
75%
Las Vegas
75%
Milwaukee
75%
Montréal
75%
Oakland
75%
San Antonio
75%
San Jose (CA)
75%
San Jose (CR)
75%
Charlotte
73%
El Paso
73%
Oklahoma City
70%
Raleigh/Durham
70%
Sacramento
70%
Albuquerque
68%
Indianapolis
68%
Louisville
68%
New Orleans
68%
St. Louis
68%
Cincinnati
66%
Fort Lauderdale
66%
Tokyo
66%
Buffalo
64%
Calgary
64%
Richmond
64%
Albany
61%
Charleston (SC)
61%
Charleston (WV)
61%
Tucson
61%
Birmingham
59%
Colorado Springs
59%
Columbia
59%
Reno/Tahoe
59%
Savannah
59%
Tallahassee
59%
Tulsa
59%
Boise
57%
Edmonton
57%
Ottawa
57%
Providence
57%
Des Moines
55%
Hartford
55%
Omaha
55%
Madison
52%
Spokane
52%
Greensboro
50%
Knoxville
50%
Fort Myers
48%
Norfolk
48%
Seoul
48%
Sioux Falls
48%
Dayton
45%
Grand Rapids
45%
Rochester (MN)
45%
Rochester (NY)
45%
Wichita
45%
Winnipeg
45%
Dubai
43%
Fargo
43%
Manchester (NH)
43%
Syracuse
43%
Fresno
41%
Mobile
41%
Ontario
41%
Harrisburg
39%
Chattanooga
36%
Greenville/Spartanburg
36%
Monterrey
36%
San Juan
36%
Springfield
36%
Bogotá
34%
Flint
32%
Fort Worth
32%
Guadalajara
32%
Long Beach
32%
Shreveport
32%
Billings
30%
Burbank
30%
Cedar Rapids/Iowa City
30%
Fort Wayne
30%
South Bend
30%
West Palm Beach
30%
Allentown
27%
Huntsville
27%
Lubbock
27%
Orange County
27%
Peoria
27%
Cologne/Bonn
25%
Evansville
25%
Laredo
25%
Lafayette
20%
Roanoke
18%
Casper
14%
Tijuana
14%
Campinas/Viracopos
9%
Grand Junction
9%
Monroe
9%
San Bernardino
9%
Toluca
9%
Great Falls
7%
Newburgh
7%
Harlingen
5%
Huntington
5%
Aguadilla
2%
Dothan
0%
Moses Lake
0%
No matching quizzes found
Score Distribution
Percent of People with Each Score
Percentile by Number Answered
Your Score History
You have not taken this quiz